Spunk & bite : a writer's guide to punchier, more engaging language & style

Bibliographic Details
Main Author: Plotnik, Arthur
Format: Book
Published: New York : Random House Reference , 2005
Subjects:

MARC

LEADER 00000cam a2200000 7i4500
001 0000015274
005 20080321.0
008 080321
020 |a 0375721150 
090 0 0 |a 808.042   |b PLO 
100 1 |a Plotnik, Arthur 
245 1 0 |a Spunk & bite :   |b a writer's guide to punchier, more engaging language & style   |c Arthur Plotnik 
260 |a New York :   |b Random House Reference ,   |c 2005 
650 0 |a Authorship 
650 0 |a English language   |x rhetoric 
650 0 |a English language   |x style 
999 |a 0001016533   |b Book   |c Adult Collection   |e Perbadanan Perpustakaan Awam Johor